35 sports les plus pratiqués en FRANCE - Statistiques

Statistiques générales
  • Ce quiz a été pris 888 fois
  • Le résultat moyen est 19 sur 35
Statistiques - réponses
Rang Sports Nombre de licenciés % Correct
1 Football 1.902.000
99%
5 Basket 423.000
95%
2 Tennis 947.000
95%
7 Handball 340.000
88%
9 Natation 280.000
88%
8 Rugby 317.000
87%
11 Athlétisme 246.000
83%
6 Judo 368.000
81%
16 Volley 112.000
81%
3 Equitation 655.000
79%
15 Tennis de table 126.000
74%
14 Badminton 136.000
70%
28 Boxe 26.000
70%
12 Gymnastique 246.000
69%
17 Cyclisme 102.000
65%
21 Danse 55.000
65%
4 Golf 436.000
64%
19 Ski 80.000
56%
18 Escalade 85.000
50%
13 Tir 229.000
46%
24 Escrime 41.000
45%
32 Surf 14.000
41%
31 Lutte 16.000
36%
20 Tir à l'arc 57.000
36%
26 Canoe 37.000
35%
30 Hockey sur glace 19.000
35%
10 Voile 262.000
34%
25 Aviron 40.000
33%
29 Patinage 19.000
30%
22 Triathlon 51.000
28%
34 Hockey sur gazon 10.000
27%
27 Taekwondo 30.000
21%
23 Roller 49.000
19%
33 Halterophilie 12.000
17%
35 Pentathlon 2.000
6%
Aucun quiz correspondant
Distribution des résultats
% des personnes avec chaque résultat
Percentile par nombre de réponses
Votre historique - résultats
Vous n’avez pas pris ce quiz